000 00514nam a22001697a 4500
005 20231117120217.0
008 231117b |||||||| |||| 00| 0 eng d
020 _a0409116629
041 _aEnglish
082 _a343.4 SIL
100 _lEnglish
245 _aSilke on South African Income Tax :
_bIncome Tax Act 2000/2001
260 _aDurban :
_bButterworth Publishers (Pty) Ltd,
_c2000
300 _b335 pages ;
_c25 cm.
650 _aLegal practice
_bLaw
942 _cBK
_6ALISON_BN_VRIES
999 _c765
_d765